عرض عادي عرض مارك
  • مريزيق، هشام يعقوب

مدخل إسم شخص

عدد التسجيلات المستخدمة في: 1

001 - رقم الضبط

  • حقل الضبط: 20550

003 - معرف رقم الضبط

  • حقل الضبط: OSt

005 - تاريخ ووقت أخر عملية

  • حقل الضبط: 20130204085625.0

008 - عناصر بيانات ثابتة الطول

  • حقل تحكم ثابت الطول: 130204|||a|||||| | ||| d

040 ## - مصدر الفهرسة

  • هيئة الفهرسة الأصلية: OSt
  • وكالة الكتابة: OSt

100 ## - مدخل -- أسم شخص

  • إسم شخص: مريزيق، هشام يعقوب

670 ## - بيانات المصدر موجوده

  • الاستشهاد بالمصدر: Work cat.: (OSt): قطناني، محمد حسين 12416, تربية الموهوبين وتنميتهم /, 2012.